Ten CREATION Facts - Statistics

General Stats
  • This quiz has been taken 46 times
  • The average score is 8 of 10
Answer Stats
Question Answer % Correct
What was the name of the first human made? Adam
100%
How many days did God create the world in? 6 Days
97%
What was the name of the second human made? Eve
97%
In what book is Creation written about? Genesis
97%
On which day did God create fish and birds? Day 5
88%
What did God do on the seventh day? Rest
88%
What was Eve made of? Adam's Rib
81%
Who wrote about the Creation? Moses
66%
What was Adam made of? Dust
56%
What was created on the first day? Heavens and Earth
16%
No matching quizzes found
Score Distribution
Percent of People with Each Score
Percentile by Number Answered
Your Score History
You have not taken this quiz